Theory of Equations : (Record no. 599610)

MARC details
000 -LEADER
fixed length control field 00495nam a2200193 a 4500
008 - FIXED-LENGTH DATA ELEMENTS--GENERAL INFORMATION
fixed length control field 251201s1948##################000#0#eng##
020 ## - INTERNATIONAL STANDARD BOOK NUMBER
ISBN 9780070667358
082 04 - DEWEY DECIMAL CLASSIFICATION NUMBER
Classification number 624.17
Item number PAN
100 1# - MAIN ENTRY--AUTHOR NAME
Personal name Uspensky, James Victor,
245 10 - TITLE STATEMENT
Title Theory of Equations :
260 ## - PUBLICATION, DISTRIBUTION, ETC. (IMPRINT)
Name of publisher Tata McGraw-Hill Education,
Year of publication 1948.
300 ## - PHYSICAL DESCRIPTION
Number of Pages 376 pages
650 #0 - SUBJECT ADDED ENTRY--TOPICAL TERM
Topical Term Equations, Theory of.
942 ## - ADDED ENTRY ELEMENTS (KOHA)
Koha item type English Books

No items available.

Find us on the map